000 00459cam a22001934a 4500
005 20250605164314.0
008 250528s ||||||||||||||||||||||||d
035 _a22619
020 _a9780273616948
040 _aGR-AtMCL
_bgre
_dGR-AtMCL
_eAACR2
245 1 _aCASES IN MARKETING MANAGEMENT
250 _a1
260 _bPitman Publishing,
_c1995
300 _a252
700 1 _aBrennan Ross
_98140
942 _cBK
999 _c7667
_d7667